| 000 | 00648nam a2200193 a 4500 | ||
|---|---|---|---|
| 005 | 20231115063551.0 | ||
| 008 | 991125s1977 ag 000 0 spa u | ||
| 035 | _aUPN01000022918 | ||
| 049 | _aCG | ||
| 050 | 4 |
_aB2424 D5 _bE8.3 |
|
| 245 | 1 | 0 |
_aEstudios contra el marxismo ventrílocuo de Althusser / _cErnest Mandel ... [et al.]. |
| 260 |
_aBuenos Aires : _bEditor 904, _c1977. |
||
| 300 | _a206 p. | ||
| 440 | 0 |
_aEditor 904. _pPublicaciones ; _v88 |
|
| 600 | 1 | 4 |
_aAlthusser, Louis, _d1919-1990 _xCrítica e interpretación _92590 |
| 650 | 4 |
_aMaterialismo dialéctico _94555 |
|
| 700 | 1 |
_aMandel, Ernest, _d1923-1995 _ecoaut. _929112 |
|
| 905 | _aLibro | ||
| 999 |
_c22918 _d22918 |
||